000 00171nam a22000857a 4500
082 _a823
100 _aUNKNOWN
245 _aTHE MYSTERY OF THE UNBREAKABLE BUBBLES
942 _cBK
999 _c8497
_d8497